Librerías infantiles : (Record no. 80234)

MARC details
000 -CABECERA
campo de control de longitud fija 00855nam a2200241 a 4500
005 - FECHA Y HORA DE LA ÚLTIMA TRANSACCIÓN
campo de control 20221027063419.0
008 - ELEMENTOS DE LONGITUD FIJA--INFORMACIÓN GENERAL
campo de control de longitud fija 010517s2001 r 000 0 eng d
020 ## - NÚMERO INTERNACIONAL NORMALIZADO PARA LIBROS
Número Internacional Estándar del Libro 9683688772
035 ## - NÚMERO DE CONTROL DEL SISTEMA
Número de control de sistema UPN01000106321
049 ## - COLECCIÓN
Colección CG
050 #4 - SIGNATURA TOPOGRÁFICA DE LA BIBLIOTECA DEL CONGRESO
Número de clasificación Z494
Número de documento/Ítem L5.2
245 00 - MENCIÓN DE TÍTULO
Título Librerías infantiles :
Resto del título un espacio para la lectura /
Mención de responsabilidad, etc. coord. y dir. Esthela Morales Campos.
260 ## - PUBLICACIÓN, DISTRIBUCIÓN, ETC.
Lugar de publicación, distribución, etc. Mexico :
Nombre del editor, distribuidor, etc. UNAM, Centro Universitario de Investigaciones Bibliotecológicas :
-- Información Científica Internacional,
Fecha de publicación, distribución, etc. 2001
300 ## - DESCRIPCIÓN FÍSICA
Extensión 195 p. :
Otras características físicas il.
440 #0 - MENCIÓN DE SERIE/ASIENTO SECUNDARIO--TÍTULO
Título Sistemas bibliotecarios de información y sociedad
650 #4 - ASIENTO SECUNDARIO DE MATERIA - TERMINO TEMATICO
Término de materia o nombre geográfico como elemento de entrada LIBREROS Y LIBRERIAS -
Subdivisión geográfica MEXICO
9 (RLIN) 24987
650 #2 - ASIENTO SECUNDARIO DE MATERIA - TERMINO TEMATICO
Término de materia o nombre geográfico como elemento de entrada Hábitos de lectura
9 (RLIN) 6074
650 #4 - ASIENTO SECUNDARIO DE MATERIA - TERMINO TEMATICO
Término de materia o nombre geográfico como elemento de entrada LIBROS INFANTILES.
700 1# - ASIENTO SECUNDARIO--NOMBRE DE PERSONAL
Nombre de persona Morales Campos, Estela Mercedes,
Fechas asociadas al nombre 1943-
Término indicativo de función/relación coord.
9 (RLIN) 29381
901 ## - ELEMENTOS DE DATOS A LOCAL LDA (RLIN)
a 186546
902 ## - ELEMENTOS DE DATOS B LOCAL, LDB (RLIN)
Creó MCM/
905 ## - TIPO DE MATERIAL
Tipo de material Libro
Holdings
Estado de retiro Estado de pérdida Fuente del sistema de clasificación o colocación Estado dañado No para préstamo Código de colección Localización permanente Ubicación/localización actual Ubicación en estantería Total de préstamos Clasificación Código de barras Fecha visto por última vez Número de copia Tipo de ítem Koha
    Library of Congress Classification     Colección General Bib. Gregorio Torres Quintero Bib. Gregorio Torres Quintero Planta baja 5 Z494 L5.2 186546 31/12/2020 1 Libro